00343 2200121 4500001002100000008004100021035002000062245003800082100001800120260005700138084001600195650001000211INLIS000000000001015 ind  a0010-0325001011 aPesan- Pesan Perdamaian Kaum Sufi aJunaedy, Eddy bDIRJEN MANAJEMEN PENDIDIKAN DASAR DAN MENENGAHc2010 a002.JUN.P.2 aAgama